Kit Sponsor Quiz #1 (2016/17 season) - Statistics

General Stats
  • This quiz has been taken 22 times
  • The average score is 7 of 15
Answer Stats
Club(s) Kit Sponsor % Correct
Real Madrid, Arsenal, PSG Fly Emirates
89%
FC Barcelona, Al Ahli Qatar Airways
84%
Juventus FC Jeep
74%
Borussia Dortmund Evonik
58%
Liverpool FC Standard Chartered
58%
Bayern Munich T-Mobile
58%
Chelsea FC Yokohama Tyres
58%
VfL Wolfsburg Volkswagen
47%
Internazionale Pirelli
42%
LA Galaxy Herbalife
26%
FC Porto MEO
26%
Feyenoord Opel
16%
Middlesbrough FC Ramsdens
16%
Olympique Lyon Hyundai
11%
Atlético Nacional Postobon
11%
No matching quizzes found
Score Distribution
Percent of People with Each Score
Percentile by Number Answered
Your Score History
You have not taken this quiz